Catálogo público

Normal view MARC view

Entry Nombre personal

Number of records used in: 1

001 - NÚMERO DE CONTROL

  • campo de control: 190688

003 - IDENTIFICADOR DEL NÚMERO DE CONTROL

  • campo de control: CHAP

005 - FECHA Y HORA DE LA ÚLTIMA TRANSACCIÓN

  • campo de control: 20250619142602.0

008 - DATOS DE LONGITUD FIJA

  • campo de control de longitud fija: 250619|| ac|||abbn | a|a d

040 ## - FUENTE DE LA CATALOGACIÓN

  • Centro catalogador/agencia de origen: Z
  • Centro/agencia transcriptor: CHAP

100 1# - ENCABEZAMIENTO-NOMBRE DE PERSONA

  • Nombre de persona: Fitz, Guillermo

670 ## - FUENTE DE DATOS ENCONTRADOS

  • Cita de la fuente: Manual del ganado bovino para leche: una guía paso a paso / coordinador Luis Lesur; diseño gráfico y fotografía Olivia Ortega; colaboradores Guillermo Fitz [y cinco más]. 1a edición, 2005